00546nam a2200193Ia 4500008004100000020001800041082000800059100002600067245002500093250000600118260003300124300001600157500002400173650001200197700002900209942000700238952009000245999001700335230524s9999 xx 000 0 und d a9788126543281 bHUR aJudith Hurwitz942571 0aBig Data for Dummies a1 aNew DelhibWiley Indiac2015 a"XXI,295p;" aQuantity Number: 1 aComp-Sc a Alan Nugent etl.942572 cBK 00104070aTATCLbTATCLcGENd2023-05-24l0o HURp54004r2023-05-24w2023-05-24yBK c57532d57532